|
|
|
|
| LEADER |
00562cam a2200157 7i4500 |
| 001 |
0000023664 |
| 005 |
20091013090000.0 |
| 020 |
0 |
0 |
|a 978-92-870-3466-3
|
| 090 |
0 |
0 |
|a I 382.1042
|b WOR
|
| 245 |
0 |
0 |
|a World Trade Organization International trade statistics 2008.
|
| 260 |
0 |
0 |
|a Geneva:
|b World Trade Organisation,
|c 2008.
|
| 300 |
# |
# |
|a 239 p.
|
| 650 |
0 |
0 |
|a International trade --
|x Statistics
|
| 710 |
2 |
1 |
|a World Trade Organization (WTO)
|
| 999 |
|
|
|a B000025486
|b Book
|c International
|e Business Information Centre
|
| 999 |
|
|
|a 0000025486
|b Book
|c International
|e Business Information Centre
|